| 000 | 01272nam a22002057a 4500 | ||
|---|---|---|---|
| 003 | JO-AjAnu | ||
| 005 | 20240625133808.0 | ||
| 008 | 231211b jo ||||| |||| 00| 0 ara d | ||
| 040 |
_aJO-AjAnu _bara _cJO-AjAnu |
||
| 041 | _aara | ||
| 050 | _aHF554905 2023 | ||
| 100 | 1 |
_aالمومني، شحادة عبدالكريم شحادة _964968 |
|
| 245 |
_aاثر مرونة ادارة الموارد البشرية على جودة حياة العمل في شركة زين للاتصالات في الاردن = The impact of Human Resources Management Flexibility on the Quality of Working Life at Zain Telecommunication company / _cاعداد شحادة عبد الكريم شحادة المومني ؛ اشراف بدر عايد القعيد |
||
| 260 |
_aعجلون، الاردن : _bجامعة عجلون الوطنية، _c2023 |
||
| 300 | _a140 ورقة | ||
| 504 | _aرسالة جامعية (ماجستير) .- جامعة عجلون الوطنية (عجلون، الأردن)، كلية االعمال، قسم الاعمال، 2023 ببليوجرافيا : صفحة 99-113. | ||
| 650 | 7 | 0 |
_aادارة الموارد البشرية - شركة اتصالات - زين _964969 |
| 700 | 1 |
_aالقعيد، بدر عايد _964879 _eمشرف |
|
| 942 |
_2lcc _cTHS _n0 |
||
| 999 |
_c33290 _d33290 |
||